Introducción a la neuroanatomía /
Guardado en:
| Autor Principal: | |
|---|---|
| Formato: | Libro |
| Publicado: |
Buenos Aires :
Eudeba,
1966
|
| Materias: | |
| Etiquetas: |
Agregar Etiqueta
Sin Etiquetas, Sea el primero en etiquetar este registro!
|
| LEADER | 00430nam a22001575a 4500 | ||
|---|---|---|---|
| 001 | CEM.cems001183 | ||
| 005 | 20060213000000.0 | ||
| 008 | 130507s1966##################000#0#####d | ||
| 003 | CEMS | ||
| 082 | 0 | 4 | |a 611.8 |
| 100 | 1 | |a Bowsher, David | |
| 245 | 1 | 0 | |a Introducción a la neuroanatomía / |
| 260 | |a Buenos Aires : |b Eudeba, |c 1966 | ||
| 300 | |a 134 p. | ||
| 653 | |a Neuroanatomia | ||
| 859 | |a CEMS |b BIB. CEMS - 11 de abril |h 611.8 |i B687 |p 6338.78 |t Ej.1 | ||
